Sports Quiz

Random Sports or Soccer Quiz

MLS Teams Quiz Stats

 Plays Quiz Updated Mar 30, 2020

     
Support Sporcle.
Go Orange.
Score 0/27 Timer 04:00
0 Plays Today
Division Team % Correct
Western ConferenceLos Angeles Galaxy
90.7%
Eastern ConferenceNew York Red Bulls
81.7%
Western ConferenceLos Angeles FC
72.2%
Eastern ConferenceInter Miami CF
72%
Eastern ConferenceNew York City FC
71.5%
Eastern ConferenceChicago Fire
70.8%
Western ConferenceSeattle Sounders FC
69.8%
Eastern ConferenceD.C. United
65.4%
Eastern ConferenceColumbus Crew
63.7%
Eastern ConferenceOrlando City SC
61.6%
Western ConferenceHouston Dynamo
60.7%
Eastern ConferenceNew England Revolution
60.1%
Eastern ConferenceAtlanta United FC
56.8%
Eastern ConferenceToronto FC
53.2%
Division Team % Correct
Western ConferenceSan Jose Earthquakes
51.8%
Western ConferenceFC Dallas
51.3%
Western ConferenceReal Salt Lake
51.1%
Western ConferenceAustin FC
48.9%
Western ConferencePortland Timbers
47.7%
Western ConferenceColorado Rapids
47.6%
Western ConferenceSporting Kansas City
44.3%
Eastern ConferenceFC Cincinnati
42%
Western ConferenceVancouver Whitecaps
40.9%
Eastern ConferenceNashville SC
40%
Eastern ConferencePhiladelphia Union
39.4%
Western ConferenceMinnesota United FC
39.2%
Eastern ConferenceCF Montréal
30.8%

From the Vault

Nine in Time: Actors

by Doctor_Arzt

Movies 30s
If you only know one of them, you could call the rest The Eight Who Were Late.
Remove Ads.
Support Sporcle.
Get the best of Sporcle when you Go Orange. This ad-free experience offers more features, more stats, and more fun while also helping to support Sporcle. Thank you for becoming a member.

Show Comments

Extras

Top Quizzes Today


Score Distribution

Your Account Isn't Verified!

In order to create a playlist on Sporcle, you need to verify the email address you used during registration. Go to your Sporcle Settings to finish the process.

Report this User

Report this user for behavior that violates our Community Guidelines.

Details: